Zusammenarbeit der Polizei- und Justizverwaltungen in Europa: die Situation nach Maastricht - Schengen und SIS

Gespeichert in:  
Bibliographische Detailangaben
Beteiligte: Hailbronner, Kay 1943- (Herausgegeben von) ; Boer, Monica den 1963- (BeteiligteR)
Medienart: Druck Buch
Sprache:Deutsch
Englisch
Französisch
Veröffentlicht: Heidelberg Kriminalistik-Verlag 1996
In: Kriminalistik (33)
Jahr: 1996
Bestand in Tübingen:In Tübingen vorhanden.
IFK: J III 170
Verfügbarkeit prüfen: HBZ Gateway
Subito Bestelldienst: Jetzt bestellen.
Schlagwörter:

MARC

LEADER 00000cam a2200000 c 4500
001 214636836
003 DE-627
005 20260206204404.0
007 tu
008 960826s1996 gw ||||| 00| ||ger c
015 |a 96,N36,0550  |2 dnb 
015 |a 97,A12,0648  |2 dnb 
016 7 |a 948226234  |2 DE-101 
020 |a 3783207967  |c  : DM 84.00, sfr 76.00, S 613.00 (Pp.)  |9 3-7832-0796-7 
035 |a (DE-627)214636836 
035 |a (DE-603)050137344 
035 |a (DE-576)054229766 
035 |a (DE-599)GBV214636836 
035 |a (OCoLC)231681929 
035 |a (OCoLC)40043440 
040 |a DE-627  |b ger  |c DE-627  |e rakwb 
041 |a ger  |a eng  |a fre 
044 |c XA-DE  |c XA 
084 |a 19  |a 20  |2 sdnb 
084 |a PS 3873  |2 rvk  |0 (DE-625)rvk/139807: 
084 |a PS 3900  |2 rvk  |0 (DE-625)rvk/139817: 
084 |a PS 2420  |2 rvk  |0 (DE-625)rvk/139712: 
084 |a 88.17  |2 bkl 
084 |a 86.90  |2 bkl 
084 |a 86.54  |2 bkl 
084 |a 86.93  |2 bkl 
084 |a 89.73  |2 bkl 
245 0 0 |a Zusammenarbeit der Polizei- und Justizverwaltungen in Europa  |b die Situation nach Maastricht - Schengen und SIS  |c hrsg. von Kay Hailbronner. Mit Beitr. von Monika den Boer ... 
263 |a Pp. : DM 84.00, sfr 76.00, S 613.00 
264 1 |a Heidelberg  |b Kriminalistik-Verlag  |c 1996 
300 |a VI, 150 S.  |c 21 cm 
336 |a Text  |b txt  |2 rdacontent 
337 |a ohne Hilfsmittel zu benutzen  |b n  |2 rdamedia 
338 |a Band  |b nc  |2 rdacarrier 
490 1 |a Kriminalistik - Wissenschaft & [und] Praxis  |v 33 
500 |a Beitr. teilw. dt., teilw. engl., teilw. franz 
583 1 |a Archivierung/Langzeitarchivierung gewährleistet  |f PEBW  |x XA-DE-BW  |2 pdager  |5 DE-31 
610 2 7 |0 (DE-588)5098525-5  |0 (DE-627)132918269  |0 (DE-576)194702391  |a Europäische Union  |2 gnd 
650 0 7 |0 (DE-588)4046595-0  |0 (DE-627)106197525  |0 (DE-576)209070196  |a Polizei  |2 gnd 
650 0 7 |0 (DE-588)4194363-6  |0 (DE-627)105220078  |0 (DE-576)210093579  |a Grenzüberschreitende Kooperation  |2 gnd 
650 0 7 |0 (DE-588)4048737-4  |0 (DE-627)106189719  |0 (DE-576)20907907X  |a Recht  |2 gnd 
650 0 7 |0 (DE-588)4073136-4  |0 (DE-627)106093207  |0 (DE-576)209189509  |a Justiz  |2 gnd 
655 7 |a Konferenzschrift  |y 1995  |z Trier  |0 (DE-588)1071861417  |0 (DE-627)826484824  |0 (DE-576)433375485  |2 gnd-content 
689 0 0 |d b  |0 (DE-588)5098525-5  |0 (DE-627)132918269  |0 (DE-576)194702391  |a Europäische Union  |2 gnd 
689 0 1 |d s  |0 (DE-588)4046595-0  |0 (DE-627)106197525  |0 (DE-576)209070196  |a Polizei  |2 gnd 
689 0 2 |d s  |0 (DE-588)4194363-6  |0 (DE-627)105220078  |0 (DE-576)210093579  |a Grenzüberschreitende Kooperation  |2 gnd 
689 0 3 |d s  |0 (DE-588)4048737-4  |0 (DE-627)106189719  |0 (DE-576)20907907X  |a Recht  |2 gnd 
689 0 |5 DE-101 
689 1 0 |d b  |0 (DE-588)5098525-5  |0 (DE-627)132918269  |0 (DE-576)194702391  |a Europäische Union  |2 gnd 
689 1 1 |d s  |0 (DE-588)4073136-4  |0 (DE-627)106093207  |0 (DE-576)209189509  |a Justiz  |2 gnd 
689 1 2 |d s  |0 (DE-588)4194363-6  |0 (DE-627)105220078  |0 (DE-576)210093579  |a Grenzüberschreitende Kooperation  |2 gnd 
689 1 |5 DE-101 
689 2 0 |d s  |0 (DE-588)4046595-0  |0 (DE-627)106197525  |0 (DE-576)209070196  |a Polizei  |2 gnd 
689 2 1 |d u  |0 (DE-588)4270920-9  |0 (DE-627)104510943  |0 (DE-576)210677295  |a Schengener Abkommen  |2 gnd 
689 2 |5 (DE-627) 
700 1 |a Hailbronner, Kay  |d 1943-  |e Hrsg.  |0 (DE-588)107948583  |0 (DE-627)473350904  |0 (DE-576)161274323  |4 edt 
700 1 |a Boer, Monica den  |d 1963-  |0 (DE-588)131997416  |0 (DE-627)516479857  |0 (DE-576)170932206  |4 oth 
830 0 |a Kriminalistik  |v 33  |9 33  |w (DE-627)130302007  |w (DE-576)007244851  |w (DE-600)582209-9  |7 am 
935 |a BWLB 
935 |i Blocktest 
936 r v |a PS 3873  |b Polizeirecht, insbes. polizeiliche Zusammenarbeit, Schengener Abkommen  |k Rechtswissenschaft  |k Europarecht; Recht der Europäischen Gemeinschaften bzw. der Europäischen Union und der sonstigen europäischen Organisationen; Europäische Rechtsvereinheitlichung  |k Europäisches Gemeinschaftsrecht; Europäisches Unionsrecht  |k Rechtsangleichung und Rechtsvereinheitlichung im Rahmen der EG/EU. Rechtsvergleich in Bezug auf das Recht der Mitgliedsstaaten  |k Besonderes Verwaltungsrecht  |k Polizeirecht, insbes. polizeiliche Zusammenarbeit, Schengener Abkommen  |0 (DE-627)1271435926  |0 (DE-625)rvk/139807:  |0 (DE-576)201435926 
936 r v |a PS 3900  |b Allgemeines, Methodenfragen  |k Rechtswissenschaft  |k Europarecht; Recht der Europäischen Gemeinschaften bzw. der Europäischen Union und der sonstigen europäischen Organisationen; Europäische Rechtsvereinheitlichung  |k Europäisches Gemeinschaftsrecht; Europäisches Unionsrecht  |k Rechtsangleichung und Rechtsvereinheitlichung im Rahmen der EG/EU. Rechtsvergleich in Bezug auf das Recht der Mitgliedsstaaten  |k Besonderes Verwaltungsrecht  |k Umweltrecht  |k Allgemeines, Methodenfragen  |0 (DE-627)1271436167  |0 (DE-625)rvk/139817:  |0 (DE-576)201436167 
936 r v |a PS 2420  |b Tagungsberichte, Kongressberichte, sonstige Sammelwerke  |k Rechtswissenschaft  |k Europarecht; Recht der Europäischen Gemeinschaften bzw. der Europäischen Union und der sonstigen europäischen Organisationen; Europäische Rechtsvereinheitlichung  |k Europäisches Gemeinschaftsrecht; Europäisches Unionsrecht  |k Allgemeines  |k Tagungsberichte, Kongressberichte, sonstige Sammelwerke  |0 (DE-627)1271363321  |0 (DE-625)rvk/139712:  |0 (DE-576)201363321 
936 b k |a 88.17  |j Ordnungskräfte  |0 (DE-627)10641383X 
936 b k |a 86.90  |j Europarecht: Sonstiges  |0 (DE-627)181572060 
936 b k |a 86.54  |j Polizeirecht  |j Ordnungsrecht  |0 (DE-627)106422308 
936 b k |a 86.93  |j Völkerrechtliche Sondergebiete  |0 (DE-627)106422456 
936 b k |a 89.73  |j Europapolitik  |j Europäische Union  |0 (DE-627)181570599 
936 s n |a p100  |2 mzub 
936 s n |a m100  |2 mzub 
951 |a BO 
ELC |b 1 
LOK |0 000 xxxxxcx a22 zn 4500 
LOK |0 001 3142435433 
LOK |0 003 DE-627 
LOK |0 004 214636836 
LOK |0 005 20020607000000 
LOK |0 008 970403||||||||||||||||ger||||||| 
LOK |0 040   |a DE-21-110  |c DE-627  |d DE-21-110 
LOK |0 852   |a DE-21-110 
LOK |0 852 1  |c J III 170  |m p  |9 00 
LOK |0 935   |a k110 
LOK |0 936ln  |a 4.5.1.4 
LOK |0 938   |k p 
LOK |0 939   |a 03-04-97  |b l01 
ORI |a SA-MARC-krimdoka001.raw 
SIG |a IFK: J III 170 
TIM |a 100019931101_100020261231  |b 1993-11-01 - 2026